| 000 | 00551nam a2200181Ia 4500 | ||
|---|---|---|---|
| 003 | IN-BaIIA | ||
| 008 | 211028s9999 xx 000 0 eng d | ||
| 020 | _a90-277-1002-3 | ||
| 040 | _cIIA Library | ||
| 080 |
_a524 _bKOU |
||
| 100 |
_aKourganoff, V _92644 |
||
| 245 | 0 |
_aIntroduction to advanced astrophysics _cV. Kourganoff |
|
| 260 |
_aDordrecht, _bD. Reidel Publishing _c1980 |
||
| 300 | _axiii, 479p. | ||
| 650 | _aAstronomy and astrophysics thesaurus | ||
| 650 |
_aAstrophysics _9794 |
||
| 942 | _cBK | ||
| 999 |
_c6667 _d6667 |
||